Normal view
MARC view
- Sharma, Chandra Dhar, 1936-
Entry Personal Name
001 - CONTROL NUMBER
- control field: 13967
003 - CONTROL NUMBER IDENTIFIER
- control field: OSt
005 - DATE AND TIME OF LATEST TRANSACTION
- control field: 20110131141122.0
008 - FIXED-LENGTH DATA ELEMENTS
- fixed length control field: 110131|||a|||||| | ||| d
040 ## - CATALOGING SOURCE
- Original cataloging agency: OSt
- Transcribing agency: OSt
100 ## - HEADING--PERSONAL NAME
- Personal name: Sharma, Chandra Dhar, 1936-
670 ## - SOURCE DATA FOUND
- Source citation: Work cat.: (OSt): Sharma, Chandra Dhar, 1936-, Classified catalogue code in theory and practice :, 1973
670 ## - SOURCE DATA FOUND
- Source citation: Work cat.: (OSt): Sharma, Chandra Dhar, 1936-, Classified catalogue code in theory and practice :, 1973
